000 00248pam a2200133 a 4500
020 _c
041 _h
100 _aAstrid M Crake
245 _aFun At the Beach
260 _c1994
300 _a36
653 _aEnvironmetal Law
930 _a935
999 _c246788
_d246788